Introduction to biostatistics (Record no. 27122)

MARC details
000 -LEADER
fixed length control field 00306nam a2200121Ia 4500
082 ## - DEWEY DECIMAL CLASSIFICATION NUMBER
Classification number 57.087.1
Item number SOK
100 ## - MAIN ENTRY--AUTHOR NAME
Personal name Sokal, Robert R
245 #0 - TITLE STATEMENT
Title Introduction to biostatistics
260 ## - PUBLICATION, DISTRIBUTION, ETC. (IMPRINT)
Place of publication Tokyo
Name of publisher Freeman &Co
Year of publication 1969
650 ## - SUBJECT ADDED ENTRY--TOPICAL TERM
Topical Term Biostatistics
942 ## - ADDED ENTRY ELEMENTS (KOHA)
Koha item type Books
Holdings
Withdrawn status Lost status Damaged status Not for loan Home library Current library Date acquired Full call number Accession Number Koha item type
        RRII Library RRII Library 16/12/2021 57.087.1 SOK 07751 Books